000
00350nam a2200133Ia 4500
008
100328s9999 xx 000 0 und d
082
_b
47443
100
_a
काळे वैजयंती
245
_a
सार्थक
260
_b
राजेंद्र
630
_a
सार्थक
730
_a
सार्थक
942
_c
BOOK
999
_c
535220
_d
535217